000
00295nam a22001337a 4500
003
SGT
020
_a
978-81-8457-422-7
082
_a
070.4
_b
MUR
100
_a
MURTHY, DVR
245
_a
DEVELOPMENT JOURNALISM AN ANALYSIS
260
_a
DELHI
_b
KANISHKA
_c
2013
300
_a
187
942
_2
ddc
_c
BK
999
_c
22078
_d
22078